Every Song by Built to Spill - Statistics

General Stats
  • This quiz has been taken 11 times
  • The average score is 12 of 104
Answer Stats
Album Song % Correct
There's Nothing Wrong with Love(1994) Car
89%
Keep It Like a Secret(1999) Carry the Zero
89%
Keep It Like a Secret(1999) Center of the Universe
67%
Keep It Like a Secret(1999) Sidewalk
67%
There's Nothing Wrong with Love(1994) In the Morning
56%
Perfect from Now On(1997) I Would Hurt a Fly
56%
There's Nothing Wrong with Love(1994) Reasons
56%
Keep It Like a Secret(1999) You Were Right
56%
Keep It Like a Secret(1999) Else
44%
Perfect from Now On(1997) Randy Described Eternity
44%
Keep It Like a Secret(1999) The Plan
44%
Keep It Like a Secret(1999) Time Trap
44%
There's Nothing Wrong with Love(1994) Twin Falls
44%
Keep It Like a Secret(1999) Broken Chairs
33%
Perfect from Now On(1997) Kicked It in the Sun
33%
Perfect from Now On(1997) Untrustable (Pt. 2) [About Someone Else]
33%
Perfect from Now On(1997) Velvet Waltz
33%
There's Nothing Wrong with Love(1994) Big Dipper
22%
There's Nothing Wrong with Love(1994) Cleo
22%
There's Nothing Wrong with Love(1994) Fling
22%
You in Reverse(2006) Goin' Against Your Mind
22%
Perfect from Now On(1997) Made-Up Dreams
22%
Perfect from Now On(1997) Stop the Show
22%
Keep It Like a Secret(1999) Temporarily Blind
22%
Keep It Like a Secret(1999) Bad Light
11%
Ancient Melodies of the Future(2001) Fly Around My Pretty Little Miss
11%
The Normal Years(1996) Girl
11%
There's Nothing Wrong with Love(Hidden)(1994) Hidden Track
11%
There's Nothing Wrong with Love(1994) Isreal's Song
11%
You in Reverse(2006) Liar
11%
Perfect from Now On(1997) Out of Site
11%
Untethered Moon(2015) So
11%
There's Nothing Wrong with Love(1994) Stab
11%
Ancient Melodies of the Future(2001) Strange
11%
The Normal Years(1996) Terrible / Perfect
11%
Ultimate Alternative Wavers(1993) The First Song
11%
There's Nothing Wrong with Love(1994) The Source
11%
Ultimate Alternative Wavers(1993) Three Years Ago Today
11%
There Is No Enemy(2009) Aisle 13
0%
Ancient Melodies of the Future(2001) Alarmed
0%
Untethered Moon(2015) All Our Songs
0%
When the Wind Forgets Your Name(2022) Alright
0%
Untethered Moon(2015) Another Day
0%
Ultimate Alternative Wavers(1993) Built Too Long
0%
Ultimate Alternative Wavers(1993) Built to Spill
0%
When the Wind Forgets Your Name(2022) Comes a Day
0%
You in Reverse(2006) Conventional Wisdom
0%
Untethered Moon(2015) C.R.E.B.
0%
There's Nothing Wrong with Love(1994) Distopian Dream Girl
0%
Carry the Zero(1999) Now & Then
0%
There Is No Enemy(2009) Done
0%
Ancient Melodies of the Future(2001) Don't Try
0%
Perfect from Now On(Bonus)(1997) Easy Way
0%
When the Wind Forgets Your Name(2022) Elements
0%
When the Wind Forgets Your Name(2022) Fool's Gold
0%
Keep It Like a Secret(Bonus)(1999) Forget Remember When
0%
Ultimate Alternative Wavers(1993) Get a Life
0%
You in Reverse(2006) Gone
0%
When the Wind Forgets Your Name(2022) Gonna Lose
0%
There Is No Enemy(2009) Good Ol' Boredom
0%
Ancient Melodies of the Future(2001) Happiness
0%
Ultimate Alternative Wavers(1993) Hazy
0%
There Is No Enemy(2009) Hindsight
0%
Untethered Moon(2015) Horizon to Cliff
0%
Ancient Melodies of the Future(2001) In Your Mind
0%
The Normal Years(1996) Joyride
0%
You in Reverse(2006) Just a Habit
0%
Ultimate Alternative Wavers(1993) Lie for a Lie
0%
There Is No Enemy(2009) Life's a Dream
0%
Untethered Moon(2015) Living Zoo
0%
You in Reverse(2006) Mess with Time
0%
When the Wind Forgets Your Name(2022) Never Alright
0%
Untethered Moon(2015) Never Be the Same
0%
There Is No Enemy(2009) Nowhere Lullaby
0%
Ultimate Alternative Wavers(1993) Nowhere Nothin' Fuckup
0%
There Is No Enemy(2009) Oh Yeah
0%
Built to Spill Caustic Resin(1995) One Thing
0%
Untethered Moon(2015) On the Way
0%
There Is No Enemy(2009) Pat
0%
There Is No Enemy(2009) Planting Seeds
0%
Ultimate Alternative Wavers(1993) Revolution
0%
When the Wind Forgets Your Name(2022) Rocksteady
0%
You in Reverse(2006) Saturday
0%
Ultimate Alternative Wavers(1993) Shameful Dread
0%
The Normal Years(1996) Shortcut
0%
The Normal Years(1996) Sick & Wrong
0%
The Normal Years(1996) So & So So & So from Wherever Wherever
0%
There's Nothing Wrong with Love(1994) Some
0%
Untethered Moon(2015) Some Other Song
0%
The Normal Years(1996) Some Things Last a Long Time
0%
When the Wind Forgets Your Name(2022) Spiderweb
0%
The Normal Years(1996) Still Flat
0%
Ancient Melodies of the Future(2001) The Host
0%
You in Reverse(2006) The Wait
0%
Ancient Melodies of the Future(2001) The Weather
0%
There Is No Enemy(2009) Things Fall Apart
0%
There Is No Enemy(2009) Tomorrow
0%
You in Reverse(2006) Traces
0%
Ancient Melodies of the Future(2001) Trimmed and Burning
0%
When the Wind Forgets Your Name(2022) Understood
0%
Untethered Moon(2015) When I'm Blind
0%
Built to Spill Caustic Resin(1995) When Not Being Stupid Is Not Enough
0%
You in Reverse(2006) Wherever You Go
0%
Ancient Melodies of the Future(2001) You Are
0%
No matching quizzes found
Score Distribution
Percent of People with Each Score
Percentile by Number Answered
Your Score History
You have not taken this quiz